[Event "I Festival Riviera delle Palme A"]
[Site "San Benedetto del Tronto ITA"]
[Date "1998.09.??"]
[Round "5"]
[White "Scavo, Fernando"]
[Black "Luciani, Valerio"]
[Result "1/2-1/2"]
[WhiteElo "2290"]
[BlackElo "2230"]
[PlyCount "48"]
[EventDate "1998.09.06"]

1. d4 f5 2. Nc3 d5 3. Bg5 c6 4. Qd2 Nd7 5. e3 Ngf6 6. f3 e6 7. O-O-O b5 8. Nce2
b4 9. Ng3 Be7 10. e4 fxe4 11. fxe4 O-O 12. e5 Ne8 13. Bxe7 Qxe7 14. Nf3 a5 15.
h4 c5 16. dxc5 Nxc5 17. h5 Bd7 18. h6 g6 19. Bd3 Rc8 20. Kb1 Nc7 21. Ne2 Bb5
22. Ned4 Bxd3 23. cxd3 Qd7 24. Rc1 Nb5 1/2-1/2

[Event "I Festival Riviera delle Palme A"]
[Site "San Benedetto del Tronto ITA"]
[Date "1998.09.??"]
[Round "5"]
[White "Voiska, Margarita"]
[Black "Naumkin, Igor"]
[Result "1/2-1/2"]
[WhiteElo "2350"]
[BlackElo "2475"]
[PlyCount "50"]
[EventDate "1998.09.06"]

1. c4 e5 2. g3 Nf6 3. Bg2 c6 4. Nf3 e4 5. Nd4 d5 6. cxd5 Qxd5 7. Nb3 Qh5 8. h3
Qg6 9. Nc3 Be7 10. d3 exd3 11. Qxd3 Qxd3 12. exd3 Na6 13. a3 O-O 14. O-O Rd8
15. d4 Nc7 16. Re1 Kf8 17. Bf4 Nfd5 18. Bd2 Nb6 19. Rad1 Nc4 20. Bc1 Bf5 21.
Bf1 Nb6 22. Nc5 Rab8 23. Bf4 Bd6 24. Bg5 f6 25. Bc1 Nbd5 1/2-1/2

[Event "I Festival Riviera delle Palme A"]
[Site "San Benedetto del Tronto ITA"]
[Date "1998.09.??"]
[Round "6"]
[White "Piva, Giorgio"]
[Black "Oppici, Gabriele"]
[Result "1-0"]
[WhiteElo "2165"]
[BlackElo "2085"]
[PlyCount "71"]
[EventDate "1998.09.06"]

1. d4 g6 2. c4 Bg7 3. e4 d6 4. Nc3 Nf6 5. f3 e5 6. Nge2 Nc6 7. Be3 O-O 8. Qd2
Nh5 9. d5 Ne7 10. g4 Nf6 11. O-O-O a6 12. Ng3 Bd7 13. Kb1 Qb8 14. h4 b5 15. c5
b4 16. Nce2 Ba4 17. b3 Bb5 18. c6 a5 19. Nc1 Nc8 20. h5 Bxf1 21. Rdxf1 Na7 22.
Bh6 Bh8 23. Bxf8 Qxf8 24. g5 Nxh5 25. Nxh5 gxh5 26. Rxh5 Nb5 27. Ne2 Qb8 28.
Rfh1 a4 29. Rxh7 Bg7 30. g6 fxg6 31. Qg5 Qe8 32. Qh4 Kf7 33. Qh6 Qg8 34. Rg1
axb3 35. Qxg6+ Kf8 36. axb3 1-0

[Event "I Festival Riviera delle Palme A"]
[Site "San Benedetto del Tronto ITA"]
[Date "1998.09.??"]
[Round "6"]
[White "Sbraccia, Giovanni"]
[Black "Rotstein, Arkadij"]
[Result "0-1"]
[WhiteElo "2115"]
[BlackElo "2515"]
[PlyCount "48"]
[EventDate "1998.09.06"]

1. e4 c5 2. Nc3 Nc6 3. g3 g6 4. Bg2 Bg7 5. d3 d6 6. f4 e6 7. Nf3 Nge7 8. O-O
O-O 9. Be3 Nd4 10. g4 Bd7 11. Rb1 Bc6 12. Bxd4 cxd4 13. Ne2 f5 14. gxf5 gxf5
15. Qe1 fxe4 16. dxe4 Ng6 17. Bh3 Nxf4 18. Nxf4 Rxf4 19. Bxe6+ Kh8 20. Bf5 Qf6
21. Qd2 Bh6 22. Qd3 d5 23. Rbe1 dxe4 24. Qxd4 Rxf5 0-1

[Event "II Open Magistrale"]
[Site "Castellaneta ITA"]
[Date "1998.08.30"]
[Round "1"]
[White "Campanile, Antonio"]
[Black "Lalic, Bogdan"]
[Result "0-1"]
[WhiteElo "2155"]
[BlackElo "2560"]
[PlyCount "54"]
[EventDate "1998.08.30"]

1. c4 b6 2. Nc3 Bb7 3. e4 e6 4. Bd3 Nc6 5. Nf3 Bb4 6. Qc2 Bc5 7. a3 Nge7 8. Ne2
Ng6 9. Qc3 O-O 10. Bc2 d5 11. d4 dxe4 12. Bxe4 Be7 13. Be3 f5 14. Bc2 Bf6 15.
O-O-O Nce7 16. Qb3 a6 17. h4 Bxf3 18. gxf3 Bxh4 19. f4 b5 20. cxb5 Nd5 21. bxa6
Rxa6 22. Bd3 Rb6 23. Qa2 Qa8 24. Bc4 Be7 25. Bxd5 exd5 26. Rh5 Rfb8 27. Rd2
Rxb2 0-1

[Event "II Open Magistrale"]
[Site "Castellaneta ITA"]
[Date "1998.08.30"]
[Round "1"]
[White "Campanile, Roberto"]
[Black "Skembris, Spyridon"]
[Result "0-1"]
[WhiteElo "2065"]
[BlackElo "2480"]
[PlyCount "72"]
[EventDate "1998.08.30"]

1. d4 d5 2. Nf3 Nc6 3. Bf4 Bg4 4. e3 e6 5. h3 Bh5 6. Bb5 Bd6 7. Bxd6 cxd6 8. c3
Qb6 9. Qb3 Bxf3 10. gxf3 Nge7 11. Nd2 O-O 12. Bd3 Qc7 13. Qc2 f5 14. f4 Rac8
15. Qd1 e5 16. fxe5 dxe5 17. Qh5 Qb6 18. Nb3 a5 19. Rb1 e4 20. Be2 Nd8 21. Nc5
Rxc5 22. dxc5 Qxc5 23. Rg1 Ne6 24. Qh6 Ng6 25. Qh5 b5 26. Kd2 b4 27. Rgc1 Qe7
28. Bb5 Ne5 29. Qe2 f4 30. Rc2 Qh4 31. Rf1 Nc7 32. cxb4 f3 33. Qd1 Nxb5 34. Rc5
Nd6 35. Kc2 Nd3 36. Rxd5 Nxb4+ 0-1

[Event "II Open Magistrale"]
[Site "Castellaneta ITA"]
[Date "1998.08.30"]
[Round "1"]
[White "Castiglione, Umberto"]
[Black "Maccario, Mauro"]
[Result "1-0"]
[WhiteElo "2185"]
[BlackElo "1833"]
[PlyCount "109"]
[EventDate "1998.08.30"]

1. e4 e6 2. d4 d5 3. Nd2 c5 4. exd5 Qxd5 5. Ngf3 cxd4 6. Bc4 Qd6 7. O-O Nc6 8.
Re1 Nf6 9. Nb3 a6 10. Nbxd4 Nxd4 11. Nxd4 Qc7 12. Bf1 Bd6 13. g3 O-O 14. Bg5
Be7 15. Qe2 h6 16. Bd2 Rd8 17. c3 Bd6 18. Bh3 Bd7 19. a4 Rac8 20. a5 Bc5 21.
Bf4 Bd6 22. Bd2 Bc5 23. Bf4 Bd6 24. Be3 Nd5 25. Bd2 Bf8 26. Bg2 Be8 27. h4 g6
28. h5 g5 29. f4 gxf4 30. Qg4+ Bg7 31. gxf4 Nf6 32. Qh4 Bc6 33. Re2 Kh8 34. f5
e5 35. Nxc6 bxc6 36. Bxh6 Bxh6 37. Qxf6+ Bg7 38. Qh4 Rg8 39. h6 Bf8 40. Qf6+
Kh7 41. Rxe5 Bd6 42. Re4 Rg3 43. Rae1 Rcg8 44. R1e2 Bc5+ 45. Kf1 Rf3+ 46. Ke1
Qg3+ 47. Kd1 Rd3+ 48. Kc2 Rd7 49. Qxc6 Qd3+ 50. Kb3 Qd1+ 51. Ka2 Rd6 52. Qxc5
Rb8 53. Qc4 Rd5 54. Re5 Rd7 55. f6 1-0

[Event "II Open Magistrale"]
[Site "Castellaneta ITA"]
[Date "1998.08.30"]
[Round "1"]
[White "De Bortoli, Peter"]
[Black "Raineri, Valerio"]
[Result "1-0"]
[WhiteElo "2215"]
[BlackElo "1921"]
[PlyCount "75"]
[EventDate "1998.08.30"]

1. e4 e5 2. f4 exf4 3. Nf3 d6 4. d4 g5 5. Bc4 h6 6. O-O Ne7 7. Nc3 Bg7 8. g3
Ng6 9. gxf4 gxf4 10. Kh1 Nc6 11. Nd5 Bg4 12. c3 O-O 13. Nxf4 Nxf4 14. Bxf4 Qf6
15. Qd2 Ne7 16. Ng1 Qg6 17. Bd3 Qh5 18. Qg2 Kh8 19. Ne2 Bh3 20. Qf3 Bg4 21. Qe3
f5 22. Ng3 Qg6 23. Rae1 Rae8 24. Qd2 Rf6 25. e5 Rff8 26. exd6 cxd6 27. Bb5 Nc6
28. Rxe8 Rxe8 29. d5 a6 30. dxc6 axb5 31. cxb7 Be5 32. Qd5 Bh3 33. Bxe5+ dxe5
34. b8=Q Rxb8 35. Qxe5+ Kh7 36. Qc7+ Qg7 37. Qxb8 Qd7 38. Qf4 1-0

[Event "II Open Magistrale"]
[Site "Castellaneta ITA"]
[Date "1998.08.30"]
[Round "1"]
[White "Ferri, Stefano"]
[Black "Sermek, Drazen"]
[Result "0-1"]
[WhiteElo "2090"]
[BlackElo "2550"]
[PlyCount "51"]
[EventDate "1998.08.30"]

1. d4 d5 2. c4 dxc4 3. Nf3 Nf6 4. Nc3 e6 5. Bg5 c5 6. e3 Nc6 7. Bxc4 cxd4 8.
exd4 Be7 9. O-O O-O 10. a3 b6 11. Rc1 Bb7 12. Bxf6 Bxf6 13. d5 Na5 14. Ba2 exd5
15. b4 d4 16. Nxd4 Bxd4 17. bxa5 Qg5 18. g3 Rad8 19. Qe2 Rfe8 20. Qc4 Bxf2+ 21.
Rxf2 Qxc1+ 22. Rf1 Qe3+ 23. Rf2 Re6 24. Qc7 Qxf2+ 25. Kxf2 Rd2+ 26. Kf1 0-1

[Event "II Open Magistrale"]
[Site "Castellaneta ITA"]
[Date "1998.08.30"]
[Round "1"]
[White "Fiore, Mario"]
[Black "De Fazio, Paolo"]
[Result "1-0"]
[WhiteElo "2315"]
[BlackElo "1965"]
[PlyCount "57"]
[EventDate "1998.08.30"]

1. e4 e5 2. Nf3 Nc6 3. Nc3 Bc5 4. Nxe5 Nxe5 5. d4 Bd6 6. dxe5 Bxe5 7. f4 Bxc3+
8. bxc3 d6 9. Bd3 Ne7 10. O-O O-O 11. f5 f6 12. Qh5 Qe8 13. Qh4 g5 14. fxg6
Nxg6 15. Qh6 Qf7 16. Rf3 Kh8 17. e5 f5 18. exd6 cxd6 19. Be3 Ne5 20. Bd4 Qf6
21. Qf4 Bd7 22. Re1 Rae8 23. Rfe3 Qf7 24. Rxe5 dxe5 25. Rxe5 Kg8 26. Qg3+ Qg6
27. Bc4+ Rf7 28. Rxe8+ Bxe8 29. Qe5 1-0

[Event "II Open Magistrale"]
[Site "Castellaneta ITA"]
[Date "1998.08.30"]
[Round "1"]
[White "Indelicati, Giuseppe"]
[Black "Sibilio, Mario"]
[Result "1/2-1/2"]
[WhiteElo "2022"]
[BlackElo "2340"]
[PlyCount "56"]
[EventDate "1998.08.30"]

1. e4 d6 2. d4 Nf6 3. Bd3 Nc6 4. c3 e5 5. Ne2 Be7 6. O-O O-O 7. f4 Bg4 8. Be3
Nh5 9. Qe1 g6 10. Nd2 Bh4 11. g3 Bf6 12. Nf3 Bg7 13. Kg2 Qd7 14. Neg1 f5 15.
fxe5 dxe5 16. h3 Bxf3+ 17. Nxf3 f4 18. gxf4 exd4 19. cxd4 Nxf4+ 20. Bxf4 Rxf4
21. Bc4+ Kh8 22. Ng5 Rxf1 23. Qh4 Bf6 24. Rxf1 Bxg5 25. Qxg5 Qxd4 26. Bd5 Qxb2+
27. Rf2 Qe5 28. Qh6 Qg7 1/2-1/2

[Event "II Open Magistrale"]
[Site "Castellaneta ITA"]
[Date "1998.08.30"]
[Round "1"]
[White "Miezis, Normunds"]
[Black "Ferraro, Francesco"]
[Result "1-0"]
[WhiteElo "2515"]
[BlackElo "2080"]
[PlyCount "47"]
[EventDate "1998.08.30"]

1. c4 e5 2. Nc3 f5 3. g3 Nf6 4. Bg2 Nc6 5. d3 a6 6. Nd5 Nxd5 7. cxd5 Ne7 8. e4
d6 9. Ne2 g6 10. h4 h5 11. Bg5 Bg7 12. O-O Bd7 13. f4 c5 14. fxe5 Bxe5 15. Nf4
Kf7 16. exf5 Bxf5 17. Nxg6 Bd4+ 18. Kh2 Kxg6 19. Rxf5 Qd7 20. Bxe7 Qxe7 21. Be4
Kg7 22. Qd2 Bf6 23. Raf1 Raf8 24. Rxf6 1-0

[Event "II Open Magistrale"]
[Site "Castellaneta ITA"]
[Date "1998.08.30"]
[Round "1"]
[White "Patavia, Antonio"]
[Black "Vera Gonzalez-Quevedo, Reynaldo"]
[Result "0-1"]
[WhiteElo "2085"]
[BlackElo "2530"]
[PlyCount "60"]
[EventDate "1998.08.30"]

1. e4 c5 2. Nf3 d6 3. d4 cxd4 4. Nxd4 Nf6 5. Nc3 a6 6. Be3 Nbd7 7. f3 b5 8. Qd2
Bb7 9. a4 b4 10. Na2 e5 11. Nf5 d5 12. Nxb4 dxe4 13. Nd6+ Bxd6 14. Qxd6 exf3
15. Nc6 Bxc6 16. Qxc6 fxg2 17. Bxg2 Rc8 18. Qxa6 Rxc2 19. O-O Ng4 20. Qd3 Qh4
21. Bf4 exf4 22. Rae1+ Kd8 23. h3 Rxg2+ 24. Kxg2 Ne3+ 25. Rxe3 fxe3 26. Rxf7
Qxa4 27. Rxg7 Qc6+ 28. Kh2 Re8 29. Rg2 Qxg2+ 30. Kxg2 e2 0-1

[Event "II Open Magistrale"]
[Site "Castellaneta ITA"]
[Date "1998.08.30"]
[Round "1"]
[White "Rausis, Igors"]
[Black "Pizzuto, Samuele Tullio"]
[Result "1-0"]
[WhiteElo "2535"]
[BlackElo "2090"]
[PlyCount "39"]
[EventDate "1998.08.30"]

1. Nf3 f5 2. d4 Nf6 3. Bg5 Ne4 4. h4 c5 5. e3 d6 6. Nbd2 Nxg5 7. hxg5 g6 8.
dxc5 Bg7 9. cxd6 Qxd6 10. c3 Nc6 11. Qb3 Be6 12. Bc4 Bxc4 13. Nxc4 Qc7 14.
O-O-O Rb8 15. Rd5 b5 16. Rxb5 Rxb5 17. Qxb5 O-O 18. Qd5+ Rf7 19. Rd1 e5 20. Nd6
1-0

[Event "II Open Magistrale"]
[Site "Castellaneta ITA"]
[Date "1998.08.30"]
[Round "1"]
[White "Sabia, Corrado"]
[Black "Femiano, Andrea"]
[Result "1-0"]
[WhiteElo "1912"]
[BlackElo "2215"]
[PlyCount "95"]
[EventDate "1998.08.30"]

1. e4 c5 2. Nc3 e6 3. g3 Nc6 4. Bg2 g6 5. Nge2 Bg7 6. O-O Nge7 7. d3 O-O 8. Bg5
d6 9. Qd2 b5 10. a3 Rb8 11. Rab1 b4 12. axb4 cxb4 13. Nd1 b3 14. c3 Qa5 15. Bh6
Ba6 16. Bxg7 Kxg7 17. Ne3 Ne5 18. d4 Nc4 19. Nxc4 Bxc4 20. Rfe1 Qc7 21. Ra1 e5
22. Ra3 a6 23. Nc1 Rb7 24. Bf1 Nc8 25. Bxc4 Qxc4 26. Qd3 Qxd3 27. Nxd3 exd4 28.
cxd4 f5 29. e5 dxe5 30. Nxe5 Rb4 31. Rd1 Rf6 32. Rd3 Rd6 33. Nf3 Rdb6 34. Nd2
Nd6 35. Raxb3 Nc4 36. Rxb4 Rxb4 37. Nxc4 Rxc4 38. Kf1 Kf6 39. Ke2 Ke6 40. Ra3
Kd5 41. Ke3 Rb4 42. Ra5+ Kc4 43. Rc5+ Kb3 44. d5 Kxb2 45. d6 Rb7 46. Kd4 Kb3
47. Kd5 Kb4 48. Rc7 1-0

[Event "II Open Magistrale"]
[Site "Castellaneta ITA"]
[Date "1998.08.30"]
[Round "1"]
[White "Scafarelli, Francesco"]
[Black "Coratella, Giuseppe"]
[Result "1-0"]
[WhiteElo "2295"]
[BlackElo "1939"]
[PlyCount "29"]
[EventDate "1998.08.30"]

1. Nf3 Nf6 2. c4 d6 3. d4 g6 4. g3 Bg7 5. Bg2 O-O 6. O-O Nbd7 7. b3 e5 8. Bb2
Re8 9. e3 c6 10. Nc3 e4 11. Nd2 d5 12. f3 exf3 13. Qxf3 Nf8 14. cxd5 cxd5 15.
Nxd5 1-0

[Event "II Open Magistrale"]
[Site "Castellaneta ITA"]
[Date "1998.08.30"]
[Round "1"]
[White "Scalcione, Michelangelo"]
[Black "Lagumina, Giulio"]
[Result "0-1"]
[WhiteElo "1960"]
[BlackElo "2305"]
[PlyCount "60"]
[EventDate "1998.08.30"]

1. Nf3 d5 2. d4 e6 3. c4 Nf6 4. Nc3 c6 5. e3 Nbd7 6. Bd3 dxc4 7. Bxc4 b5 8. Bd3
a6 9. O-O c5 10. b3 Bb7 11. Bb2 Bd6 12. Rc1 cxd4 13. exd4 O-O 14. Re1 Nd5 15.
Nxd5 Bxd5 16. Ne5 Qg5 17. Be4 Nf6 18. Bxd5 Nxd5 19. Re4 Rac8 20. Rg4 Qf5 21. h4
Bxe5 22. dxe5 Rxc1 23. Bxc1 Nc3 24. Qd2 Qxg4 25. Qxc3 h6 26. Ba3 Rd8 27. Bd6
Qe4 28. b4 Qb1+ 29. Kh2 Qxa2 30. Qe3 Rc8 0-1

[Event "II Open Magistrale"]
[Site "Castellaneta ITA"]
[Date "1998.08.30"]
[Round "1"]
[White "Tiviakov, Sergei"]
[Black "Scerbo, Antonio"]
[Result "1-0"]
[WhiteElo "2655"]
[BlackElo "2160"]
[PlyCount "79"]
[EventDate "1998.08.30"]

1. e4 c5 2. Nf3 Nc6 3. d4 cxd4 4. Nxd4 Nf6 5. Nc3 e5 6. Ndb5 d6 7. Bg5 a6 8.
Na3 b5 9. Nd5 Be7 10. Bxf6 Bxf6 11. c3 Ne7 12. Nxf6+ gxf6 13. Bd3 Bb7 14. Qe2
Rg8 15. f3 Qb6 16. Nc2 d5 17. O-O-O O-O-O 18. exd5 Nxd5 19. Bxh7 Nf4 20. Qe3
Qxe3+ 21. Nxe3 Rg7 22. Bf5+ Kc7 23. Rxd8 Kxd8 24. Rd1+ Kc7 25. Rd7+ Kb8 26. Rd2
Rg8 27. g3 Ne6 28. Ng4 Bxf3 29. Nxf6 Rg5 30. g4 e4 31. h4 Rxf5 32. gxf5 Nf4 33.
Rd8+ Kc7 34. Re8 Ne2+ 35. Kd2 Ng3 36. h5 Nxf5 37. Re5 Nd6 38. Re7+ Kc6 39. h6
Nf5 40. h7 1-0

[Event "II Open Magistrale"]
[Site "Castellaneta ITA"]
[Date "1998.08.30"]
[Round "1"]
[White "Ulibin, Mikhail"]
[Black "Ambrosio, Giuseppe"]
[Result "1-0"]
[WhiteElo "2555"]
[BlackElo "2090"]
[PlyCount "53"]
[EventDate "1998.08.30"]

1. e4 c5 2. Nf3 Nc6 3. Bb5 g6 4. Bxc6 dxc6 5. d3 Bg7 6. h3 e5 7. Be3 b6 8. Nc3
f6 9. Qd2 h5 10. Nh2 Be6 11. f4 Nh6 12. fxe5 fxe5 13. Bg5 Qd7 14. Nf3 Nf7 15.
Nh4 Bh6 16. Bxh6 Rxh6 17. O-O g5 18. Nf5 Rg6 19. Nd1 O-O-O 20. Nde3 Rh8 21. b4
c4 22. Qc3 g4 23. h4 cxd3 24. cxd3 Kb7 25. d4 Nd6 26. Nxd6+ Qxd6 27. dxe5 1-0

[Event "II Open Magistrale"]
[Site "Castellaneta ITA"]
[Date "1998.08.30"]
[Round "2"]
[White "Ambrosio, Giuseppe"]
[Black "Scalcione, Michelangelo"]
[Result "0-1"]
[WhiteElo "2090"]
[BlackElo "1960"]
[PlyCount "46"]
[EventDate "1998.08.30"]

1. d4 Nf6 2. Bg5 c5 3. Bxf6 gxf6 4. d5 Qb6 5. Qc1 Na6 6. g3 d6 7. c3 Bf5 8. Nd2
e6 9. Nc4 Qc7 10. Bg2 h5 11. Ne3 Bh6 12. f4 Bg6 13. Qd2 e5 14. Nh3 O-O-O 15.
Rf1 exf4 16. Nxf4 Rde8 17. Bh3+ Kb8 18. Nf5 Bg5 19. Qc2 Re5 20. O-O-O Rhe8 21.
Rfe1 Re4 22. Kb1 Bxf4 23. gxf4 Qd7 0-1

[Event "II Open Magistrale"]
[Site "Castellaneta ITA"]
[Date "1998.08.30"]
[Round "2"]
[White "Castiglione, Umberto"]
[Black "Miezis, Normunds"]
[Result "0-1"]
[WhiteElo "2185"]
[BlackElo "2515"]
[PlyCount "53"]
[EventDate "1998.08.30"]

1. e4 c5 2. Nf3 e6 3. d4 cxd4 4. Nxd4 a6 5. Bd3 Nc6 6. Nxc6 dxc6 7. O-O e5 8.
a4 Nf6 9. c3 a5 10. Na3 Bc5 11. Nc4 Qe7 12. Be3 O-O 13. Qf3 Rd8 14. Bg5 h6 15.
Bxf6 Qxf6 16. Qg3 Re8 17. Rad1 h5 18. Be2 h4 19. Qf3 Qxf3 20. Bxf3 Be6 21. Nd6
Bxd6 22. Rxd6 Bb3 23. Rd7 Rab8 24. Be2 Red8 25. Rc7 Rd2 26. Bg4 Rxb2 27. f4 0-1

[Event "II Open Magistrale"]
[Site "Castellaneta ITA"]
[Date "1998.08.30"]
[Round "2"]
[White "Coratella, Giuseppe"]
[Black "Ferri, Stefano"]
[Result "1-0"]
[WhiteElo "1939"]
[BlackElo "2090"]
[PlyCount "49"]
[EventDate "1998.08.30"]

1. e4 c5 2. Nf3 Nf6 3. Nc3 e6 4. d4 cxd4 5. Nxd4 Bb4 6. e5 Nd5 7. Bd2 Nxc3 8.
bxc3 Be7 9. Qg4 O-O 10. Bh6 g6 11. Bxf8 Bxf8 12. Be2 Qc7 13. Qg3 a6 14. O-O d6
15. exd6 Bxd6 16. Qh4 Qxc3 17. Rfd1 Qc7 18. Nf3 Nd7 19. Ng5 Nf8 20. Ne4 Be7 21.
Nf6+ Kg7 22. Ne8+ Kh8 23. Nxc7 Bxh4 24. Nxa8 Bf6 25. Rab1 1-0

[Event "II Open Magistrale"]
[Site "Castellaneta ITA"]
[Date "1998.08.30"]
[Round "2"]
[White "De Fazio, Paolo"]
[Black "Campanile, Antonio"]
[Result "1-0"]
[WhiteElo "1965"]
[BlackElo "2155"]
[PlyCount "80"]
[EventDate "1998.08.30"]

1. e4 d5 2. exd5 Qxd5 3. Nc3 Qa5 4. d3 c6 5. Nf3 Nf6 6. Be2 Bg4 7. O-O e6 8.
Bd2 Nbd7 9. Ne4 Qc7 10. Nfg5 Bf5 11. Ng3 Bg6 12. Re1 Bd6 13. Bf3 O-O 14. N5e4
Nxe4 15. Bxe4 f5 16. Bf3 Rae8 17. Bc3 e5 18. Bh5 Nf6 19. Bxg6 hxg6 20. Qd2 Nd5
21. b3 Nxc3 22. Qxc3 Qe7 23. Re2 Kh7 24. Qd2 Qh4 25. Rae1 Rd8 26. Qc1 Rh8 27.
Nh1 Kg8 28. h3 g5 29. Ng3 Rf8 30. Rxe5 Bxe5 31. Rxe5 Qf4 32. Qxf4 gxf4 33. Nxf5
f3 34. Nd6 fxg2 35. Kxg2 b6 36. Re7 Rh6 37. Ne4 Rg6+ 38. Kh2 a5 39. h4 Rf4 40.
Kh3 Rh6 1-0

[Event "II Open Magistrale"]
[Site "Castellaneta ITA"]
[Date "1998.08.30"]
[Round "2"]
[White "Femiano, Andrea"]
[Black "Indelicati, Giuseppe"]
[Result "0-1"]
[WhiteElo "2215"]
[BlackElo "2022"]
[PlyCount "68"]
[EventDate "1998.08.30"]

1. e4 e5 2. Nf3 Nc6 3. d4 exd4 4. Bc4 Nf6 5. O-O Nxe4 6. Re1 d5 7. Bxd5 Qxd5 8.
Nc3 Qa5 9. Nxe4 Be6 10. Bg5 h6 11. Bh4 Bb4 12. Nfd2 O-O 13. a3 Bxd2 14. Nxd2
Rfe8 15. Ne4 Bf5 16. b4 Qd5 17. c4 Qxc4 18. Rc1 Qd5 19. Rc5 Qd7 20. f3 b6 21.
Rc4 Bxe4 22. fxe4 d3 23. Qa1 Re6 24. Qc3 Rae8 25. b5 Ne5 26. Rxc7 Qxb5 27. Rf1
Rc6 28. Rxc6 Qxc6 29. Qd2 Qxe4 30. Bg3 Nc4 31. Qa2 Qd4+ 32. Bf2 Qc3 33. Bg3 Re2
34. Qb1 Nd2 0-1

[Event "II Open Magistrale"]
[Site "Castellaneta ITA"]
[Date "1998.08.30"]
[Round "2"]
[White "Ferraro, Francesco"]
[Black "Sibilio, Mario"]
[Result "0-1"]
[WhiteElo "2080"]
[BlackElo "2340"]
[PlyCount "99"]
[EventDate "1998.08.30"]

1. d4 g6 2. Nf3 Bg7 3. Bf4 Nf6 4. e3 O-O 5. Nbd2 d6 6. Bc4 Nbd7 7. c3 b6 8. O-O
Bb7 9. Qe2 a6 10. a4 Qe8 11. e4 e5 12. dxe5 dxe5 13. Bg5 h6 14. Bxf6 Nxf6 15.
Bb3 Qe7 16. Rfd1 Kh7 17. Bc2 a5 18. Nc4 Nh5 19. g3 Qe6 20. Ne3 Nf6 21. Nd2 Rad8
22. Qc4 Qc8 23. Qe2 Qa8 24. Nec4 Rfe8 25. f3 Bf8 26. Kg2 Kg7 27. Nf1 Bc5 28.
Nfe3 h5 29. Rxd8 Qxd8 30. Rd1 Qc8 31. Rd2 h4 32. g4 Qe6 33. Qd1 Qe7 34. h3 Bc6
35. Qe1 Rh8 36. b3 Qe6 37. Qd1 Be7 38. Nd5 Ne8 39. Nxe7 Qxe7 40. Rd8 Nd6 41.
Rxh8 Nxc4 42. Qe2 Kxh8 43. Qxc4 Qg5 44. Qd3 Kg7 45. Qe2 Qc1 46. Qd1 Qe3 47. Qd3
Qe1 48. f4 exf4 49. Qd4+ f6 50. Qd3 0-1

[Event "II Open Magistrale"]
[Site "Castellaneta ITA"]
[Date "1998.08.30"]
[Round "2"]
[White "Lalic, Bogdan"]
[Black "Fiore, Mario"]
[Result "1-0"]
[WhiteElo "2560"]
[BlackElo "2315"]
[PlyCount "67"]
[EventDate "1998.08.30"]

1. d4 d5 2. c4 c6 3. Nc3 dxc4 4. e4 b5 5. a4 b4 6. Na2 e6 7. Bxc4 Nf6 8. Bg5 h6
9. Bxf6 Qxf6 10. Nf3 Nd7 11. O-O Bb7 12. a5 Rb8 13. Qd2 Ba8 14. d5 e5 15. dxc6
Bxc6 16. Bd5 Bb5 17. Rfe1 Bc5 18. Nxb4 O-O 19. Nc2 Rfd8 20. b4 Be7 21. Na3 Nf8
22. Qe3 Be8 23. Qxa7 Rxb4 24. Nc2 Rb2 25. Qc7 Ne6 26. Bxe6 Qxe6 27. Ne3 Rb5 28.
Nd5 Rbxd5 29. exd5 Rxd5 30. a6 Bd6 31. Qc3 e4 32. a7 exf3 33. Qxf3 Bc6 34. Rxe6
1-0

[Event "II Open Magistrale"]
[Site "Castellaneta ITA"]
[Date "1998.08.30"]
[Round "2"]
[White "Pizzuto, Samuele Tullio"]
[Black "Piscopo, Pierluigi"]
[Result "1-0"]
[WhiteElo "2090"]
[BlackElo "1930"]
[PlyCount "97"]
[EventDate "1998.08.30"]

1. e4 c5 2. Nc3 Nc6 3. f4 d6 4. Nf3 g6 5. Bc4 Bg7 6. O-O e6 7. d3 Nge7 8. Bd2
O-O 9. Qe1 a6 10. a3 b5 11. Ba2 Nd4 12. Nxd4 cxd4 13. Ne2 Qb6 14. Qh4 Ra7 15.
Rf3 f5 16. Kh1 Qc6 17. c3 fxe4 18. dxe4 Qxe4 19. Nxd4 Bxd4 20. cxd4 Nf5 21. Qe1
Qxe1+ 22. Rxe1 d5 23. Bb4 Rd8 24. Bc5 Rf7 25. Rc3 Bd7 26. g3 Rc8 27. Kg2 Rc6
28. Rec1 Be8 29. g4 Ng7 30. Kg3 a5 31. Re1 Ra6 32. Bb1 Bd7 33. Bd3 a4 34. Bf1
Ne8 35. Rec1 Nf6 36. Bd3 Kg7 37. Re1 Ne8 38. Bb4 Rb6 39. Rc5 Nd6 40. Ba5 Rb7
41. Rc2 Nc4 42. Bb4 Bc8 43. h4 Rf6 44. g5 Rff7 45. h5 gxh5 46. Rh2 Bd7 47. Rxh5
Kg8 48. Reh1 Be8 49. R1h2 1-0

[Event "II Open Magistrale"]
[Site "Castellaneta ITA"]
[Date "1998.08.30"]
[Round "2"]
[White "Quimi, Marco"]
[Black "Ulibin, Mikhail"]
[Result "0-1"]
[WhiteElo "2250"]
[BlackElo "2555"]
[PlyCount "54"]
[EventDate "1998.08.30"]

1. e4 e6 2. d4 d5 3. e5 c5 4. c3 Nc6 5. Nf3 Bd7 6. dxc5 Bxc5 7. Bd3 f6 8. exf6
Nxf6 9. O-O e5 10. b4 Bd6 11. b5 Ne7 12. Bg5 e4 13. Bxf6 gxf6 14. Bxe4 dxe4 15.
Qxd6 Bxb5 16. Qxf6 Rf8 17. Qe5 Bxf1 18. Nd4 Ba6 19. Nd2 Qd5 20. Qg7 Bd3 21. Re1
Rg8 22. Qf6 Rc8 23. h4 Rg6 24. Qf4 e3 25. N2f3 exf2+ 26. Kxf2 Qxa2+ 27. Ne2
Bxe2 0-1

[Event "II Open Magistrale"]
[Site "Castellaneta ITA"]
[Date "1998.08.30"]
[Round "2"]
[White "Raineri, Valerio"]
[Black "Patavia, Antonio"]
[Result "1/2-1/2"]
[WhiteElo "1921"]
[BlackElo "2085"]
[PlyCount "82"]
[EventDate "1998.08.30"]

1. e4 e6 2. d4 d5 3. e5 b6 4. Nf3 Qd7 5. Be2 Ba6 6. O-O c5 7. c3 Bxe2 8. Qxe2
Nc6 9. Be3 Be7 10. Nbd2 Rc8 11. Rad1 Qb7 12. Rc1 c4 13. Ne1 h5 14. f4 g6 15.
Nef3 Nh6 16. Bf2 Nf5 17. g3 Kd7 18. Ng5 Bxg5 19. fxg5 b5 20. b3 a5 21. Rc2 Qa6
22. bxc4 bxc4 23. Nb3 Qa7 24. Nc5+ Ke7 25. Rb2 Rb8 26. Rfb1 Rxb2 27. Rxb2 Rb8
28. Kg2 Rb6 29. Na4 Rb7 30. Rxb7+ Qxb7 31. Qb2 Qxb2 32. Nxb2 Na7 33. a4 Nc8 34.
Kf3 Nb6 35. Ke2 Kd7 36. Be1 Kc6 37. Bd2 Kd7 38. Bc1 Kc6 39. Kf3 Kd7 40. g4
hxg4+ 41. Kxg4 Ng7 1/2-1/2

[Event "II Open Magistrale"]
[Site "Castellaneta ITA"]
[Date "1998.08.30"]
[Round "2"]
[White "Scerbo, Antonio"]
[Black "Campanile, Roberto"]
[Result "0-1"]
[WhiteElo "2160"]
[BlackElo "2065"]
[PlyCount "72"]
[EventDate "1998.08.30"]

1. d4 Nf6 2. c4 g6 3. Nc3 Bg7 4. e4 d6 5. Nf3 O-O 6. Be2 e5 7. O-O Nc6 8. d5
Ne7 9. Ne1 Nd7 10. Be3 f5 11. f3 Nf6 12. Nd3 f4 13. Bf2 g5 14. c5 h5 15. h3 Rf7
16. Rc1 Ng6 17. Qc2 Ne8 18. cxd6 cxd6 19. Nb5 a6 20. Nc3 Nf8 21. b4 Bf6 22. b5
axb5 23. Nxb5 g4 24. hxg4 hxg4 25. fxg4 Rg7 26. Nb4 Bh4 27. Bf3 Bg3 28. Rfd1
Qh4 29. Nd3 Ng6 30. Kf1 Bxg4 31. Ke2 Qh5 32. Rh1 Nh4 33. Ne1 Bxf2 34. Kxf2 Qg5
35. Qe2 Nxg2 36. Rg1 Qh4+ 0-1